Equity yields on ordinary shares June 2006 (Record no. 586089)
[ view plain ]
| 000 -LEADER | |
|---|---|
| fixed length control field | 00370nam a22001217a 4500 |
| 082 ## - DEWEY DECIMAL CLASSIFICATION NUMBER | |
| Classification number | 332.63221 |
| 100 ## - MAIN ENTRY--PERSONAL NAME | |
| Personal name | State Bank of Pakistan |
| 245 ## - TITLE STATEMENT | |
| Title | Equity yields on ordinary shares June 2006 |
| Statement of responsibility, etc. | State Bank of Pakistan |
| 260 ## - PUBLICATION, DISTRIBUTION, ETC. | |
| Place of publication, distribution, etc. | Karachi |
| Name of publisher, distributor, etc. | Public Relations Division SBP |
| Date of publication, distribution, etc. | 2006 |
| 300 ## - PHYSICAL DESCRIPTION | |
| Extent | 89p |
| 942 ## - ADDED ENTRY ELEMENTS (KOHA) | |
| Source of classification or shelving scheme | |
| Koha item type | Book |
| Withdrawn status | Lost status | Source of classification or shelving scheme | Damaged status | Not for loan | Permanent Location | Current Location | Date acquired | Total Checkouts | Full call number | Barcode | Date last seen | Price effective from | Koha item type |
|---|---|---|---|---|---|---|---|---|---|---|---|---|---|
| Central Library (CL) | Central Library (CL) | 08/04/2021 | 332.63221 SBP | S3H-R-126 | 08/04/2021 | 08/04/2021 | Book | ||||||
| Central Library (CL) | Central Library (CL) | 03/14/2022 | 332.63221 SBP | S3H-R-125 | 03/14/2022 | 03/14/2022 | Book | ||||||
| Central Library (CL) | Central Library (CL) | 03/20/2022 | 332.63221 SBP | S3H-R-124 | 03/20/2022 | 03/20/2022 | Book |
